000 00663nam a2200229Ia 4500
008 160404s9999 xx 000 0 und d
020 _a978-971-23-4628-6
050 _aFIL N 346.5
050 _b.P5B37 2006
100 _aBascara, Linda R.
245 _aHumanities and the digital arts :
245 _bwith emphasis on arts in the phippine setting /
245 _cLinda R. Bascara, Adela T. Avillanoza.
260 _aManila :
260 _bRex Book Store, Inc.,
260 _c2006
300 _a185 pages :
300 _billustrations ;
300 _c22 cm.
500 _aIncludes index.
650 _aArts -- Study and teaching -- Philippines.
999 _c293347
_d293347